Statystyki dla Stolice, Miasta i Państwa.

Kliknij tutaj aby rozwiązać quiz!

Ogólne statystyki

  • Ten quiz został rozwiązany 129 razy
    (70 od ostatniego zresetowania)
  • Średni wynik to 11 z 15

Statystyki odpowiedzi

ZagadnienieOdpowiedź% Poprawnych
Łatwe, które miasto NIE jest stolicą.Los Angeles
98%
Łatwe, które miasto NIE jest stolicą.Sydney
91%
Łatwe Jakiego państwa to stolica.-CanberraAustralii
86%
Łatwe Które miasto JEST stolicą.Ateny
85%
Łatwe Jakiego państwa to stolica - SeulKorea Południowa
82%
Trudne, które miasto NIE jest stolicą.Hoffell
77%
Średnie, które miasto NIE jest stolicą.Paamiut
76%
Łatwe Które miasto JEST stolicą.Kair
76%
Średnie Które miasto JEST stolicą.Ankara
76%
Średnie Jakiego państwa to stolica.DakarSenegal
73%
Trudne Które miasto JEST stolicą.Islamabad
62%
Trudne, które miasto NIE jest stolicą.Nuussuaq
59%
Bardzo trudne Jakiego państwa to stolica. Port VilaVanuatu
58%
Trudne Jakiego państwa to stolica. AsmaraErytrea
52%
Trudne Które miasto JEST stolicą.Thimphu
48%

Rozkład punktacji

Percentyl według liczby udzielonych odpowiedzi

Procent ludzi z każdym wynikiem

Twoja historia wyników

Nie rozwiązałeś tego quizu od ostatniego zresetowania